Sobre pedagogia / Immanuel Kant ; pròleg de Joan-Carles Mèlich i Sangrà ; traducció de Jaume Tió
Descripción Física:
XXXVI, 73 p. ; 20 cm
Colección:
Textos pedagògics ; 26
Materias:
Pedagogia
MARC
| LEADER | 00000nam a2200000Ia 4500 | ||
|---|---|---|---|
| 001 | 9473 | ||
| 008 | 160829s1991 xx 000 0 cat d | ||
| 080 | |a E-1-143 | ||
| 100 | |a Kant, Immanuel |9 28845 | ||
| 245 | |a Sobre pedagogia / Immanuel Kant ; pròleg de Joan-Carles Mèlich i Sangrà ; traducció de Jaume Tió | ||
| 260 | |a Vic : |b Eumo ; Barcelona : |b Diputació de Barcelona, |c 1991 | ||
| 300 | |a XXXVI, 73 p. ; |c 20 cm | ||
| 490 | |a Textos pedagògics ; 26 | ||
| 650 | |a Pedagogia |9 35391 | ||
| 700 | |a Mèlich, Joan Carles, pr. |9 28846 |e autor del pròleg | ||
| 700 | 1 | |a Tió, Jaume, |d 1950- |e traductor |9 35398 | |
| 710 | 1 | |a Barcelona (Catalunya : Província). |b Diputació |9 52408 | |
| 901 | |a Arxiu | ||
| 942 | |n 1 |2 udc | ||
| 952 | |0 0 |1 0 |4 0 |6 E1143 |7 1 |9 44958 |a Arxiu |b Arxiu |d 2016-12-01 |l 0 |o E-1-143 |p 9473 |r 2016-12-01 00:00:00 |w 2016-12-01 |y ARXIU | ||
| 999 | |c 47557 |d 47557 | ||